01210nam a2200337 a 4500001001000000003000900010005001700019008003400036020001500070040002600085082002700111100003000138245010600168250001200274260004200286300002100328500003300349500005500382500004100437534004200478590002600520650002400546650003300570650002600603700002500629700003500654910003400689942001200723952012000735999001700855000010802DO-SdBNP20230725130848.0091012s2000 ag 001 0 spa d a9501500632 aDO-SdBNPbspacBPMSU  4a823.91bW516b 20002221 aWest, Morrisd1916-1999. 14aLos bufones de Dios /cMorris West ; editor Javier Bergara ; traducción : Marta Cruz Coke de Lagos. a4a. ed. aBuenos Aires :bB. Argentinas,c2000. a478 p. ;c23 cm. aTexto traducido al español aIncluye datos biográficos del autor en la solapa aIncluye notas del autor en la (p. 7) pTítulo original:tThe clowns of God 6Inventariado, 2023/VM 4aNovela australiana  4aIglesia CatólicaxGobierno 4aCuria romana vNovela1 aBergara, Javiereed.1 aCruz Coke de Lagos, Martaetr. aVMateo V. Control de calidad  2ddccBK 00102ddc4070aBPMETbBPMETd2023-07-25l0oBPMSU CG 823.91 W516b 2000pBPMSU23070067r2023-07-25w2023-07-25yBK c14449d14449